000
00199 a2200097 4500
000
nam a22 7a 4500
005
20260302150252.0
100
_a
HBR
245
_a
On communication
942
_c
TEXL
999
_c
1688405
_d
1688405